000 00352nam a22001217a 4500
008 230626b xxu||||| |||| 00| 0 eng d
082 _a330.9
_bWAL 1981
100 _cTony Killick
245 _aPapers on the Kenyan Economy
_bPerformance, Problems and Policies
260 _aNairobi
_bHeinemann Educational Books
_c1981
300 _a373p
942 _2ddc
_cBK
999 _c2657
_d2657